Statistics for Michael J. Fox Filmography

Click here to take the quiz!

General Stats

  • This quiz has been taken 152 times
    (8 since last reset)
  • The average score is 28 of 121

Answer Stats

TypeYearName% Correct
Film1985Back to the Future
100%
Film1989Back to the Future Part II
100%
Film1990Back to the Future Part III
100%
Video Game2010Back to the Future: The Game
100%
TV Show1980Family
86%
TV Show1982-1989Family Ties
86%
Film1985Teen Wolf
86%
Film1991Doc Hollywood
71%
Short Documentary2017Michael J. Fox
71%
TV Show1996-2001Spin City
71%
Film1996Mars Attacks!
57%
Documentary2023Still: A Michael J. Fox Movie
57%
Film1999Stuart Little
57%
Film2002Stuart Little 2
57%
Film2006Stuart Little 3: Call of the Wild
57%
Film1991The Hard Way
57%
TV Show2013-2014The Michael J. Fox Show
57%
Film1988Bright Lights, Big City
43%
Film1989Casualties of War
43%
TV Show1991Saturday Night Live
43%
TV Show2004[scrubs]
43%
Film1995The American President
43%
Film1987The Secret of My Success
43%
Film2014Annie
29%
Film2001Atlantis: The Lost Empire
29%
Film1993For Love or Money
29%
TV Show1983Go
29%
Film1994Greedy
29%
Film1996Homeward Bound II: Lost in San Francisco
29%
Film1993Homeward Bound: The Incredible Journey
29%
TV Show2015Jimmy Kimmel Live!
29%
Video Game2015LEGO Dimensions
29%
Film1993Life with Mikey
29%
Film1987Light of Day
29%
Film1980Midnight Madness
29%
TV Show1984Night Court
29%
Commercial1989Pepsi
29%
TV Film1985Poison Ivy
29%
Film1996The Frighteners
29%
TV Show2010-2016The Good Wife
29%
TV Show1983The Love Boat
29%
Film2016A.R.C.H.I.E.
14%
Film2018A.R.C.H.I.E. 2
14%
Film2021Back Home Again
14%
Documentary2015Back in Time
14%
Documentary2015Being Canadian
14%
Film1995Blue in the Face
14%
TV Show2006Boston Legal
14%
Director1992Brooklyn Bridge
14%
Film1982Class of 1984
14%
TV Show2002Clone High
14%
Film1995Coldblooded
14%
TV Show2019Corner Gas Animated
14%
TV Show2011, 2017Curb Your Enthusiasm
14%
TV Special1986David Letterman's 2nd Annual Holiday Film Festival
14%
TV Documentary1987Dear America: Letters Home from Vietnam
14%
TV Show2018Designated Survivor
14%
TV Special1984Don't Ask Me, Ask God
14%
TV Film1994Don't Drink the Water
14%
Documentary2013Drew: The Man Behind the Poster
14%
TV Mini-Series2021Expedition: Back to the Future
14%
TV Film1985Family Ties Vacation
14%
Commercial2013GE Turbines
14%
TV Show1980Here's Boomer
14%
TV Film1983High School U.S.A.
14%
Film2002Interstate 60
14%
TV Show1978 | 1981Leo and Me
14%
TV Film1979Letters from Frank
14%
TV Show1979Lou Grant
14%
TV Documentary2009Michael J. Fox: Adventures of an Incurable Optimist
14%
TV Special1988Mickey's 60th Birthday
14%
Documentary2015Mr Calzaghe
14%
TV Show2016Nightcap
14%
TV Show1980-1981Palmerstown, U.S.A.
14%
TV Show2011Phineas and Ferb
14%
TV Show1983-1984Pyramid
14%
TV Show2009Rescue Me
14%
TV Film2005Saving Milly
14%
Film2019See You Yesterday
14%
TV Special1990Sex, Buys, & Advertising
14%
TV Show1992Shelley Duvall's Bedtime Stories
14%
Director1991Tales from the Crypt
14%
TV Show1982Teachers Only
14%
TV Show1997The Chris Rock Show
14%
Web Series2020The Good Fight
14%
TV Special1984The Homemade Comedy Special
14%
TV Film2009The Magic 7
14%
TV Show1977The Magic Lie
14%
TV Film1987The Return of Bruno
14%
TV Show1981Trapper John, M.D.
14%
Film1994Where the Rivers Flow North
14%
TV Pilot1978Witch of Westminster Crossing
14%
Documentary202188MPH: The Story of the DeLorean Time Machine
0%
TV Show2011Ace of Cakes
0%
TV Show2017American Ninja Warrior
0%
Commercial2002AquaFina
0%
Video Game2015Back to the Future: The Game - 30th Anniversary Edition
0%
Documentary Series2014Bystander Revolution
0%
TV Show1994Club Disney
0%
Commercial2001Gateway Computers
0%
Commercial1994Gogo No Kocha
0%
Music Video2020Holiday
0%
TV Documentary1992James Cagney: Top of the World
0%
TV Show2023Jeopardy! Masters
0%
TV Show2007Odyssey: Driving Around the World
0%
Commercial2010Province of British Columbia Tourism
0%
Documentary1990Reach for the Stars 1990: The Official Boston Bruins Video
0%
TV Show1984Star Search
0%
Music Video1986Stick Around
0%
Documentary Mini-Series2010Tales from the Future
0%
Award Show1996The 48th Annual Primetime Emmy Awards
0%
Documentary Series2018The '80s Greatest
0%
Documentary Mini-Series2013The '80s: The Decade That Made Us
0%
TV Show2006The Apprentice
0%
TV Show1987The Wil Shriner Show
0%
TV Documentary1985Time Travel: Fact, Fiction and Fantasy
0%
TV Film1980Trouble in High Timber Country
0%
TV Show2000Who Wants to Be a Millionaire
0%
Commercial2006Wisconsin Governor Jim Doyle
0%
Short Film1995Your Studio and You
0%

Score Distribution

Percentile by Number Answered

Percent of People with Each Score

Your Score History

You have not taken this quiz since the last reset